| 000 | 00433nam a2200181Ia 4500 | ||
|---|---|---|---|
| 001 | 4100 | ||
| 005 | 20260306145731.0 | ||
| 008 | 260306t2005||||xx |||||||||||||| ||spa|| | ||
| 041 | _aESP | ||
| 082 |
_a306.85 _bH12 Nº 72 |
||
| 100 |
_aFranco, Gloria Elena _eAUT |
||
| 245 | 0 | _aLa comunicación en la familia | |
| 260 | _c2005 | ||
| 300 |
_a279 páginas : _c19 cm. |
||
| 650 | _aGEN | ||
| 654 | _aCED | ||
| 942 |
_cLIB _dJUS _fJUS _2ddc _n |
||
| 999 |
_c4100 _d4100 |
||